[Event "Belgrade-chT2 Quality"]
[Site "Belgrade"]
[Date "2022.10.16"]
[Round "2.2"]
[White "Ristic, Luka"]
[Black "Manojlovic, Slobodan"]
[Result "1-0"]
[WhiteElo "2278"]
[BlackElo "1991"]
[PlyCount "69"]
[EventDate "2022.10.15"]
[EventType "team-tourn"]
[EventRounds "13"]
[EventCountry "SRB"]
[SourceTitle "EXT 2024"]
[Source "ChessBase"]
[SourceDate "2023.10.10"]
[SourceVersion "1"]
[SourceVersionDate "2023.10.10"]
[SourceQuality "1"]
[WhiteTeam "Belgrade Polet"]
[BlackTeam "Belgrade BASK"]
[WhiteTeamCountry "SRB"]
[BlackTeamCountry "SRB"]

1. d4 e6 2. Bf4 d5 3. e3 Bd6 4. Bg3 Nf6 5. Nd2 b6 6. Bd3 0-0 7. e4 dxe4 8. Nxe4 Bb7 9. Qe2 Nxe4 10. Bxe4 Bxe4 11. Qxe4 Nd7 12. Nf3 Nf6 13. Qe2 Bxg3 14. hxg3 Qd5 15. c4 Qa5+ 16. Kf1 c5 17. g4 Nxg4 18. Ng5 Nf6 19. Nxh7 Nxh7 20. Qh5 f6 21. Qxh7+ Kf7 22. Qh5+ Ke7 23. Qf3 Qa6 24. b3 cxd4 25. Rh7 Rg8 26. Qg3 Kf7 27. Qc7+ Kg6 28. Rh4 f5 29. Rxd4 Rh8 30. Kg1 Rae8 31. Rd7 Rh7 32. Qg3+ Kf6 33. f4 e5 34. Qg5+ Ke6 35. Rad1 1-0

[Event "Belgrade-chT2 Quality"]
[Site "Belgrade"]
[Date "2022.10.15"]
[Round "1.2"]
[White "Pavicevic, Jovan R"]
[Black "Ristic, Luka"]
[Result "0-1"]
[WhiteElo "2051"]
[BlackElo "2278"]
[PlyCount "56"]
[EventDate "2022.10.15"]
[EventType "team-tourn"]
[EventRounds "13"]
[EventCountry "SRB"]
[SourceTitle "EXT 2024"]
[Source "ChessBase"]
[SourceDate "2023.10.10"]
[SourceVersion "1"]
[SourceVersionDate "2023.10.10"]
[SourceQuality "1"]
[WhiteTeam "Lazarevac Kolubara"]
[BlackTeam "Belgrade Polet"]
[WhiteTeamCountry "SRB"]
[BlackTeamCountry "SRB"]

1. e4 c5 2. Nf3 d6 3. c3 Nf6 4. h3 g6 5. Bd3 Bg7 6. 0-0 0-0 7. Bc2 Nc6 8. d4 cxd4 9. cxd4 e5 10. Be3 d5 11. Nxe5 Nxe4 12. Nxc6 bxc6 13. Nd2 Nd6 14. Rc1 Qb6 15. Ba4 Bd7 16. Nb3 Nf5 17. Qd2 Rab8 18. Nc5 Bc8 19. b3 Qb4 20. Qxb4 Rxb4 21. Nd3 Rb6 22. Rfd1 Bxd4 23. Bxd4 Nxd4 24. Nf4 Rb4 25. a3 Nf3+ 26. gxf3 Rxf4 27. Kg2 d4 28. Bxc6 Ba6 0-1

[Event "Belgrade-chT Quality"]
[Site "Belgrade"]
[Date "2022.10.12"]
[Round "11.5"]
[White "Strugnell, Carl"]
[Black "Ristic, Luka"]
[Result "1/2-1/2"]
[WhiteElo "2189"]
[BlackElo "2278"]
[PlyCount "22"]
[EventDate "2022.10.01"]
[EventType "team-tourn"]
[EventRounds "11"]
[EventCountry "SRB"]
[SourceTitle "EXT 2024"]
[Source "ChessBase"]
[SourceDate "2023.10.10"]
[SourceVersion "1"]
[SourceVersionDate "2023.10.10"]
[SourceQuality "1"]
[WhiteTeam "Belgrade Radnicki"]
[BlackTeam "Belgrade Crvena Zvezda"]
[WhiteTeamCountry "SRB"]
[BlackTeamCountry "SRB"]

1. c4 Nf6 2. g3 g6 3. Bg2 Bg7 4. Nc3 0-0 5. d3 e5 6. Rb1 a5 7. a3 Nc6 8. e3 d6 9. Nge2 Be6 10. 0-0 d5 11. cxd5 Nxd5 1/2-1/2

[Event "Belgrade-chT Quality"]
[Site "Belgrade"]
[Date "2022.10.09"]
[Round "8.5"]
[White "Ristic, Luka"]
[Black "Savic, Mihailo S"]
[Result "1/2-1/2"]
[WhiteElo "2278"]
[BlackElo "2146"]
[PlyCount "43"]
[EventDate "2022.10.01"]
[EventType "team-tourn"]
[EventRounds "11"]
[EventCountry "SRB"]
[SourceTitle "EXT 2024"]
[Source "ChessBase"]
[SourceDate "2023.10.10"]
[SourceVersion "1"]
[SourceVersionDate "2023.10.10"]
[SourceQuality "1"]
[WhiteTeam "Belgrade Crvena Zvezda"]
[BlackTeam "Belgrade Belgrade"]
[WhiteTeamCountry "SRB"]
[BlackTeamCountry "SRB"]

1. d4 Nf6 2. Bf4 d6 3. e3 Nbd7 4. h3 e5 5. Bh2 Qe7 6. Nf3 g6 7. c4 exd4 8. Nxd4 Bg7 9. Nc3 0-0 10. Be2 a5 11. 0-0 Nc5 12. Qc2 Re8 13. Rfd1 Nce4 14. Nxe4 Nxe4 15. Bf3 Ng5 16. Be2 Bxh3 17. gxh3 Nxh3+ 18. Kg2 Nxf2 19. Bf4 Nxd1 20. Rxd1 Be5 21. Bf3 c6 22. Qf2 1/2-1/2

[Event "Belgrade Gligoric Memorial"]
[Site "Belgrade"]
[Date "2022.07.18"]
[Round "2"]
[White "Ristic, Luka"]
[Black "Stoyanov, Tsvetan"]
[Result "0-1"]
[WhiteElo "2243"]
[BlackElo "2450"]
[PlyCount "64"]
[EventDate "2022.07.17"]
[EventType "swiss"]
[EventRounds "9"]
[EventCountry "SRB"]
[SourceTitle "CBM 209 Extra"]
[Source "ChessBase"]
[SourceDate "2022.09.30"]
[SourceVersion "1"]
[SourceVersionDate "2022.09.30"]
[SourceQuality "1"]

1. e4 c5 2. Nf3 d6 3. d4 cxd4 4. Nxd4 Nf6 5. Nc3 a6 6. g3 e5 7. Nde2 Be7 8. Bg2 b5 9. Nd5 Nbd7 10. Nec3 Nb6 11. Nxe7 Qxe7 12. Bg5 Bb7 13. Qd3 0-0 14. 0-0 h6 15. Bxf6 Qxf6 16. Nd5 Bxd5 17. exd5 e4 18. Qxe4 Qxb2 19. Rae1 Nc4 20. Qd3 Qxa2 21. Re7 Qb2 22. Rfe1 Qf6 23. R7e4 a5 24. Rf4 Qb2 25. Qf5 a4 26. Be4 g6 27. Qh3 Qg7 28. Rh4 a3 29. Rxh6 Rae8 30. Rh4 a2 31. c3 Qxc3 32. Qf1 Nd2 0-1

[Event "Paracin op-A 15th"]
[Site "Paracin"]
[Date "2022.07.11"]
[Round "4"]
[White "Ristic, Luka"]
[Black "Aditya, Mittal"]
[Result "0-1"]
[WhiteElo "2243"]
[BlackElo "2480"]
[PlyCount "54"]
[EventDate "2022.07.08"]
[EventType "swiss"]
[EventRounds "9"]
[EventCountry "SRB"]
[SourceTitle "CBM 209 Extra"]
[Source "ChessBase"]
[SourceDate "2022.09.30"]
[SourceVersion "1"]
[SourceVersionDate "2022.09.30"]
[SourceQuality "1"]

1. e4 c5 2. Nc3 d6 3. d4 cxd4 4. Qxd4 Nc6 5. Qd2 g6 6. b3 Bh6 7. f4 f5 8. Bb2 Nf6 9. 0-0-0 fxe4 10. Nge2 Be6 11. Nxe4 Nxe4 12. Qe3 Rf8 13. Qxe4 Bf5 14. Qe3 Rc8 15. Kb1 Qa5 16. a3 Bxc2+ 17. Kc1 Ne5 18. Bc3 Bxd1 19. Kxd1 Qd5+ 20. Kc2 Ng4 21. Qh3 Qf5+ 22. Kb2 Nf2 23. Qxh6 Nd1+ 24. Ka1 Nxc3 25. Nxc3 Rxc3 26. Bc4 Qxf4 27. Qxh7 Rc1+ 0-1

[Event "Belgrade Premier League"]
[Site "Belgrade"]
[Date "2021.10.10"]
[Round "9.6"]
[White "Ristic, Luka"]
[Black "Stankovic, Boris"]
[Result "0-1"]
[WhiteElo "2258"]
[BlackElo "2145"]
[PlyCount "64"]
[EventDate "2021.10.01"]
[EventType "team-tourn"]
[EventRounds "11"]
[EventCountry "SRB"]
[SourceTitle "CBM 204 Extra"]
[Source "ChessBase"]
[SourceDate "2021.11.30"]
[SourceVersion "1"]
[SourceVersionDate "2021.11.30"]
[SourceQuality "1"]
[WhiteTeam "Belgrade Crvena Zvezda"]
[BlackTeam "Grocka"]
[WhiteTeamCountry "SRB"]
[BlackTeamCountry "SRB"]

1. d4 Nf6 2. Bf4 g6 3. e3 Bg7 4. Nf3 0-0 5. Be2 d6 6. h3 Nfd7 7. c4 e5 8. Bh2 Nc6 9. Nc3 h6 10. 0-0 f5 11. Rb1 g5 12. dxe5 dxe5 13. b4 e4 14. Nd4 Nde5 15. c5 Kh8 16. Ndb5 Bd7 17. Nd5 Rc8 18. Nbc3 Be6 19. h4 Ne7 20. Nxe7 Qxe7 21. hxg5 hxg5 22. Nd5 Qd7 23. Bxe5 Bxe5 24. Bc4 Qh7 25. g3 Qh3 26. Ne7 Bxc4 27. Qd7 Rcd8 28. Ng6+ Kg8 29. Qa4 Bxf1 30. Rxf1 Rfe8 31. Rd1 Bxg3 32. fxg3 Qxg3+ 0-1

[Event "SRB-chT Premier"]
[Site "Vrnjacka Banja"]
[Date "2021.09.12"]
[Round "7.5"]
[White "Ristic, Luka"]
[Black "Krstic, Petar"]
[Result "1/2-1/2"]
[WhiteElo "2292"]
[BlackElo "2307"]
[PlyCount "156"]
[EventDate "2021.09.07"]
[EventType "team-tourn"]
[EventRounds "11"]
[EventCountry "SRB"]
[SourceTitle "CBM 204 Extra"]
[Source "ChessBase"]
[SourceDate "2021.11.30"]
[SourceVersion "1"]
[SourceVersionDate "2021.11.30"]
[SourceQuality "1"]
[WhiteTeam "Belgrade Politika"]
[BlackTeam "Subotica Spartak"]
[WhiteTeamCountry "SRB"]
[BlackTeamCountry "SRB"]

1. d4 d5 2. Bf4 c5 3. e3 cxd4 4. exd4 Nc6 5. c3 Bf5 6. Nd2 e6 7. Ngf3 Bd6 8. Bg3 Nf6 9. Be2 h6 10. 0-0 Bxg3 11. hxg3 0-0 12. a4 Qd6 13. Re1 Nd7 14. Qb3 Rab8 15. Qa3 Qc7 16. a5 Rfe8 17. c4 dxc4 18. Nxc4 Nf6 19. Nd6 Red8 20. Nb5 Qd7 21. Ne5 Nxe5 22. dxe5 Ne4 23. a6 bxa6 24. Qxa6 Qd2 25. Qxa7 Qxb2 26. Rad1 Qxe5 27. Nd4 Qc5 28. Qxc5 Nxc5 29. Nxf5 exf5 30. Rxd8+ Rxd8 31. Bc4 Ne4 32. Ra1 h5 33. Ra2 g6 34. Kh2 Rd4 35. Rc2 Kg7 36. f3 Nd6 37. Ba2 Rd1 38. Re2 Kf6 39. Rc2 g5 40. Rc5 Rd2 41. Rd5 Rxd5 42. Bxd5 Ke5 43. Bc6 Kd4 44. Kg1 Ke3 45. Bd7 g4 46. Bc6 f6 47. Bd5 Nb5 48. fxg4 hxg4 49. Be6 Ke4 50. Bd7 Nc3 51. Bc8 Ke5 52. Bd7 Ne4 53. Kh2 Nc3 54. Kg1 Nb1 55. Bc8 Nd2 56. Bd7 Ne4 57. Kh2 f4 58. Bxg4 fxg3+ 59. Kg1 Nd2 60. Be2 Kd4 61. Ba6 Nc4 62. Kf1 Ne3+ 63. Ke2 Ke4 64. Bb7+ Kf4 65. Kd3 f5 66. Bc6 Ng4 67. Bb7 Ke5 68. Bf3 Nh2 69. Bc6 f4 70. Ke2 Ng4 71. Bb7 Ne3 72. Bc6 Nf5 73. Bb7 Nd4+ 74. Kf1 Kd6 75. Ke1 Kc5 76. Be4 Kc4 77. Bg6 Nc6 78. Ke2 Ne5 1/2-1/2

[Event "Belgrade Serbia op"]
[Site "Belgrade"]
[Date "2021.07.04"]
[Round "4"]
[White "Sedlak, Nikola"]
[Black "Ristic, Luka"]
[Result "1-0"]
[WhiteElo "2519"]
[BlackElo "2300"]
[PlyCount "101"]
[EventDate "2021.07.02"]
[EventType "swiss"]
[EventRounds "9"]
[EventCountry "SRB"]
[SourceTitle "CBM 203 Extra"]
[Source "ChessBase"]
[SourceDate "2021.09.30"]
[SourceVersion "1"]
[SourceVersionDate "2021.09.30"]
[SourceQuality "1"]

1. Nf3 Nf6 2. g3 c5 3. Bg2 g6 4. b3 Bg7 5. Bb2 0-0 6. c4 Nc6 7. 0-0 d6 8. d4 cxd4 9. Nxd4 Qa5 10. Nxc6 bxc6 11. Bxc6 Rb8 12. Bg2 Qh5 13. Nc3 Be6 14. Rb1 Ng4 15. h3 Nf6 16. e4 Qa5 17. Qe2 Rfc8 18. Ba1 Nh5 19. Rbc1 Qg5 20. h4 Qc5 21. Kh2 Nf6 22. Nd5 Bxd5 23. exd5 h5 24. Bh3 Rc7 25. f4 a5 26. f5 a4 27. fxg6 fxg6 28. Be6+ Kh7 29. Qd3 axb3 30. axb3 Rf8 31. Kh3 Rb7 32. Rf3 Qa3 33. Rh1 Bh8 34. Bd4 Bg7 35. g4 hxg4+ 36. Bxg4 Nxg4 37. h5 Nf6 38. Qxg6+ Kg8 39. h6 Rf7 40. Ra1 Qb4 41. Ra8+ Rb8 42. Rxb8+ Qxb8 43. Bxf6 Qc8+ 44. Kh2 exf6 45. hxg7 Qe8 46. Rg3 Qe2+ 47. Rg2 Qe5+ 48. Kh3 Qe3+ 49. Rg3 Qe8 50. Qh6 Ra7 51. Kh4 1-0

[Event "Veliko Gradiste Silver Lake op-A"]
[Site "Veliko Gradiste"]
[Date "2021.06.24"]
[Round "2"]
[White "Ter Sahakyan, Samvel"]
[Black "Ristic, Luka"]
[Result "1-0"]
[WhiteElo "2644"]
[BlackElo "2300"]
[PlyCount "87"]
[EventDate "2021.06.23"]
[EventType "swiss"]
[EventRounds "9"]
[EventCountry "SRB"]
[SourceTitle "CBM 203 Extra"]
[Source "ChessBase"]
[SourceDate "2021.09.30"]
[SourceVersion "1"]
[SourceVersionDate "2021.09.30"]
[SourceQuality "1"]

1. e4 g6 2. d4 Bg7 3. Nc3 c6 4. Be3 d5 5. Qd2 dxe4 6. Nxe4 Nf6 7. Nxf6+ exf6 8. 0-0-0 0-0 9. h4 h5 10. Ne2 Na6 11. Nf4 Nc7 12. Bc4 Nd5 13. Nxd5 cxd5 14. Bd3 Qb6 15. f3 f5 16. c3 Bd7 17. Bh6 Bxh6 18. Qxh6 Qd6 19. Qd2 Rfe8 20. Rde1 Qg3 21. Rxe8+ Rxe8 22. f4 a6 23. Rh3 Qe1+ 24. Qxe1 Rxe1+ 25. Kd2 Rg1 26. Rh2 Bb5 27. Bxb5 axb5 28. Kc2 Rf1 29. g3 Rg1 30. Kb3 Rxg3 31. Kb4 Rf3 32. Kxb5 Rxf4 33. Kb6 f6 34. Kxb7 g5 35. hxg5 fxg5 36. Rxh5 g4 37. a4 Kf7 38. a5 Kg6 39. Rh8 Kg7 40. a6 Rf2 41. a7 Rxb2+ 42. Kc6 Ra2 43. a8Q Rxa8 44. Rxa8 1-0

[Event "Wch FIDE Online U14 Europe qual"]
[Site "Tornelo INT"]
[Date "2020.12.09"]
[Round "6"]
[White "Yildiz, Tunahan"]
[Black "Ristic, Luka"]
[Result "0-1"]
[WhiteElo "1818"]
[BlackElo "1863"]
[PlyCount "62"]
[EventDate "2020.12.07"]
[EventType "swiss (rapid)"]
[EventRounds "7"]
[EventCountry "ISS"]
[SourceTitle "EXT 2022"]
[Source "ChessBase"]
[SourceDate "2021.10.06"]
[SourceVersion "1"]
[SourceVersionDate "2021.10.06"]
[SourceQuality "1"]

1. d4 Nf6 2. c4 a6 3. Nf3 e6 4. Nc3 c5 5. e3 d5 6. a3 dxc4 7. Bxc4 b5 8. Bb3 Bb7 9. 0-0 Nbd7 10. Qe2 Be7 11. Rd1 0-0 12. Bc2 Qc7 13. e4 cxd4 14. Nxd4 Rfd8 15. Bg5 Rac8 16. Rac1 Ne5 17. Bf4 Bd6 18. Bg3 Qb6 19. Nf3 Nxf3+ 20. Qxf3 Bxg3 21. Qxg3 b4 22. axb4 Qxb4 23. e5 Nd5 24. Rb1 Nf4 25. Rxd8+ Rxd8 26. Bxh7+ Kf8 27. Be4 Ne2+ 28. Nxe2 Qxe4 29. Re1 Qxe2 30. f4 Qxb2 31. h4 Rd2 0-1

[Event "Belgrade-chT Quality"]
[Site "Belgrade"]
[Date "2020.10.09"]
[Round "1.2"]
[White "Matic, Petar"]
[Black "Ristic, Luka"]
[Result "1-0"]
[WhiteElo "2153"]
[BlackElo "2262"]
[PlyCount "103"]
[EventDate "2020.10.09"]
[EventType "team-tourn"]
[EventRounds "9"]
[EventCountry "SRB"]
[SourceTitle "EXT 2022"]
[Source "ChessBase"]
[SourceDate "2021.10.06"]
[SourceVersion "1"]
[SourceVersionDate "2021.10.06"]
[SourceQuality "1"]
[WhiteTeam "Belgrade Tehnicka Skola"]
[BlackTeam "Belgrade Polet"]
[WhiteTeamCountry "SRB"]
[BlackTeamCountry "SRB"]

1. d4 Nf6 2. c4 c5 3. d5 g6 4. Nc3 Bg7 5. e4 0-0 6. Nf3 d6 7. Be2 e6 8. 0-0 Re8 9. Nd2 a6 10. a4 exd5 11. cxd5 Nbd7 12. Nc4 Ne5 13. Nxe5 Rxe5 14. Bf4 Re8 15. Bf3 Qc7 16. Re1 Nd7 17. h3 Rb8 18. Rc1 b5 19. axb5 axb5 20. b4 c4 21. Qd2 Ne5 22. Be2 f5 23. Be3 Bd7 24. f4 Nf7 25. Bd4 Bh6 26. Bf3 Ne5 27. Be2 Qd8 28. Be3 Nf7 29. exf5 Qh4 30. fxg6 hxg6 31. Rf1 Re7 32. Rf3 Rbe8 33. Bf2 Qf6 34. Bf1 Bf5 35. Bd4 Re5 36. Qb2 Qh4 37. Bf2 Qh5 38. fxe5 Nxe5 39. Rg3 Nd3 40. Bxd3 Bxc1 41. Qxc1 cxd3 42. Re3 Rc8 43. Qd2 Qh8 44. Be1 Qd4 45. g4 Rxc3 46. gxf5 gxf5 47. Qg2+ Kf7 48. Qf2 Rc1 49. Re7+ Kxe7 50. Qxd4 Rxe1+ 51. Kf2 Re2+ 52. Kf1 1-0

[Event "SRB-chT Premier"]
[Site "Ruma"]
[Date "2020.09.28"]
[Round "5.2"]
[White "Ristic, Luka"]
[Black "Bogosavljevic, Boban"]
[Result "0-1"]
[WhiteElo "2262"]
[BlackElo "2493"]
[PlyCount "46"]
[EventDate "2020.09.25"]
[EventType "team-tourn"]
[EventRounds "11"]
[EventCountry "SRB"]
[SourceTitle "CBM 198 Extra"]
[Source "ChessBase"]
[SourceDate "2020.11.30"]
[SourceVersion "1"]
[SourceVersionDate "2020.11.30"]
[SourceQuality "1"]
[WhiteTeam "Belgrade Crvena Zvezda"]
[BlackTeam "Goracici Jelica"]
[WhiteTeamCountry "SRB"]
[BlackTeamCountry "SRB"]

1. e4 c5 2. Nc3 Nc6 3. Bb5 Nd4 4. Nf3 e6 5. 0-0 a6 6. Bd3 Ne7 7. Nxd4 cxd4 8. Ne2 d5 9. c3 dxe4 10. Bb1 d3 11. Ng3 f5 12. f3 Ng6 13. fxe4 Bc5+ 14. Kh1 f4 15. Nh5 0-0 16. g3 e5 17. b4 Bb6 18. gxf4 exf4 19. Bb2 Bh3 20. Qb3+ Rf7 21. a4 Qg5 22. Ng3 Nh4 23. Rg1 f3 0-1

[Event "Belgrade Rating op 2nd"]
[Site "Belgrade"]
[Date "2020.02.29"]
[Round "2"]
[White "Andric, Sinisa"]
[Black "Ristic, Luka"]
[Result "0-1"]
[WhiteElo "1899"]
[BlackElo "2212"]
[PlyCount "86"]
[EventDate "2020.02.28"]
[EventType "swiss"]
[EventRounds "5"]
[EventCountry "SRB"]
[SourceTitle "CBM 195 Extra"]
[Source "ChessBase"]
[SourceDate "2020.05.31"]
[SourceVersion "1"]
[SourceVersionDate "2020.05.31"]
[SourceQuality "1"]

1. d4 Nf6 2. c4 c5 3. d5 g6 4. Nc3 Bg7 5. Nf3 0-0 6. e4 d6 7. Be2 e6 8. 0-0 exd5 9. cxd5 a6 10. a4 Nbd7 11. Bf4 Qe7 12. Nd2 Ne5 13. Kh1 Ne8 14. Bxe5 dxe5 15. Qb3 Qc7 16. Nc4 Nd6 17. Rac1 Bd7 18. Qb6 Qxb6 19. Nxb6 Rad8 20. f3 Bh6 21. Rb1 Be3 22. b3 f5 23. Nc4 Nxc4 24. bxc4 Bd2 25. Na2 fxe4 26. Rxb7 exf3 27. gxf3 Bf5 28. Nc1 e4 29. Nb3 exf3 30. Bxf3 Bb4 31. Bg2 Bc2 32. Rxf8+ Kxf8 33. Nd4 cxd4 34. Rxb4 d3 35. Be4 Re8 36. c5 Rxe4 37. Rxe4 d2 38. Rd4 d1Q+ 39. Rxd1 Bxd1 40. Kg2 Bb3 41. d6 Bxa4 42. Kf3 Ke8 43. Ke4 Kd7 0-1